000 00493nam a2200205Ia 4500
003 OSt
005 20220928143926.0
006 a|||||r|||| 00| 0
007 ta
008 220927b |||||||| |||| 00| 0 eng d
024 _a23366
037 _cTextual
040 _aSDCL
_cSDCL
_beng
041 _2eng
_aeng
082 _aQ133:4x5,1, K6
245 0 _aANANDASHRAMSANSKRITGRANTHAWALI.
260 _c1966
942 _hQ133:4x5,1, K6
_cTEXL
_2CC
999 _c825312
_d825312